• 首页
  • 本馆介绍
  • 公告通知
  • 最新文献
  • 馆藏检索
  • 电子资源
  • 读者导购
  • 参考咨询
  • 我的图书馆
  • 登录
  • 详细信息显示
  • 放入我的书架
  • 预约/预借图书
  • 作者相关作品
  • 分类相关作品
  • 丛书相关作品
  • 出版社相关作品

书目信息

  • 表格格式
  • 工作单格式
  • 卡片格式
题名:
城市轨道交通客运服务
    
 
作者: 裴瑞江 主编
分册:  
出版信息: 北京   机械工业出版社  2014.08
页数: 183页
开本: 26cm
丛书名:
单 册:
中图分类: U293.5
科图分类:
主题词: 城市铁路--客运服务--职业教育--教材 , 城市铁路 , 客运服务
电子资源:
ISBN: 978-7-111-47723-5
000 00885nam0 2200253 450
001 5157
005 20181014115927.59
010    @a978-7-111-47723-5@dCNY34.00
100    @a20141118d2014 em y0chiy50 ea
101 0  @achi
102    @aCN@b110000
105    @aa z 000yy
200 1  @a城市轨道交通客运服务@9cheng shi gui dao jiao tong ke yun fu wu@f裴瑞江主编
210    @a北京@c机械工业出版社@d2014.08
215    @a183页@c图@d26cm
300    @a“十二五”职业教育国家规划教材
330    @a本书共分六个项目:城市轨道交通职业道德、城市轨道交通服务环境、城市轨道交通服务设施设备、城市轨道交通服务礼仪、城市轨道交通服务作业、城市轨道交通安全服务。
606 0  @a城市铁路@x客运服务@x职业教育@j教材
606 0  @a城市铁路
606 0  @a客运服务
690    @aU293.5@v5
701  0 @a裴瑞江@9pei rui jiang@c(女)@4主编
801  0 @aCN@b91MARC@c20150426
905    @aMuseLib@dU293.5@e781
    
    城市轨道交通客运服务/裴瑞江主编.-北京:机械工业出版社,2014.08
    183页:图;26cm
    “十二五”职业教育国家规划教材
    
    ISBN 978-7-111-47723-5:CNY34.00
    本书共分六个项目:城市轨道交通职业道德、城市轨道交通服务环境、城市轨道交通服务设施设备、城市轨道交通服务礼仪、城市轨道交通服务作业、城市轨道交通安全服务。
●
相关链接 在E读中查询图书 在五车中查询图书 在当当中查询图书 在豆瓣中查询图书


正题名:城市轨道交通客运服务     索取号:U293.5/781         预约/预借

序号 登录号 条形码 馆藏地/架位号 状态 备注
1 1128374   211283742   第二样本阅览室/ [索取号:U293.5/781] 在馆    
2 1128375   211283751   密集书库-物理学院/ [索取号:U293.5/781] 在馆    
3 1128376   211283760   第三借阅区/ [索取号:U293.5/781] 在馆    
4 1128377   211283779   第三借阅区/ [索取号:U293.5/781] 在馆    
5 1128378   211283788   第三借阅区/ [索取号:U293.5/781] 在馆    
唐山师范学院图书馆 欢迎您!
大连网信软件有限公司© 版权所有